Protikrízové opatrenia Medzinárodného menového fondu v čase finančno - hospodárskej krízy bakalárska práca

Gespeichert in:
Bibliographische Detailangaben
1. Verfasser: Vaneková, Ľubica
Körperschaft: Národohospodárska fakulta EU. Katedra bankovníctva a medzinárodných financií
Weitere Verfasser: Vongrej, Marián
Format: Buch
Sprache:Slowakisch
Veröffentlicht: Bratislava 2014
Tags: Tag hinzufügen
Keine Tags, Fügen Sie das erste Tag hinzu!

MARC

LEADER 00000nbm a2200000 4500
001 0189495
005 20170201090357.5
041 0 |a slo 
044 |a SK 
245 1 0 |a Protikrízové opatrenia Medzinárodného menového fondu v čase finančno - hospodárskej krízy  |b bakalárska práca  |c Ľubica Vaneková ; školiteľ: Marián Vongrej 
264 1 |a Bratislava  |c 2014 
300 |a 42 s. 
100 1 |a Vaneková, Ľubica 
700 1 |a Vongrej, Marián 
710 2 |a Národohospodárska fakulta EU. Katedra bankovníctva a medzinárodných financií